Neue Hefte für Philosophie. (Record no. 1794)
[ view plain ]
| 000 -LEADER | |
|---|---|
| fixed length control field | 01697cas a2200505 a 4500 |
| 001 - CONTROL NUMBER | |
| control field | data |
| 005 - DATE AND TIME OF LATEST TRANSACTION | |
| control field | 20260322212118.0 |
| 008 - FIXED-LENGTH DATA ELEMENTS--GENERAL INFORMATION | |
| fixed length control field | data |
| 010 ## - LIBRARY OF CONGRESS CONTROL NUMBER | |
| LC control number | sf 94020511 |
| Canceled/invalid LC control number | 72626587 |
| 019 ## - | |
| -- | 1114936393 |
| -- | 977526356 |
| -- | 1013274351 |
| -- | 1053979681 |
| -- | 1100289647 |
| -- | 1114936393 |
| 022 ## - INTERNATIONAL STANDARD SERIAL NUMBER | |
| International Standard Serial Number | 0085-3917 |
| Source | z |
| 023 0# - CLUSTER ISSN | |
| Cluster ISSN | 0085-3917 |
| Source | z |
| 029 1# - OTHER SYSTEM CONTROL NUMBER (OCLC) | |
| OCLC library identifier | AU@ |
| System control number | 000000929890 |
| 035 ## - SYSTEM CONTROL NUMBER | |
| System control number | (OCoLC)2264793 |
| 040 ## - CATALOGING SOURCE | |
| Original cataloging agency | DLC |
| Language of cataloging | eng |
| Transcribing agency | PIT |
| Modifying agency | OCLCQ |
| -- | MUL |
| -- | AIP |
| -- | OCL |
| -- | AIP |
| -- | NST |
| -- | DLC |
| -- | EBZ |
| -- | HUL |
| -- | DLC |
| -- | OCLCQ |
| -- | NLGGC |
| -- | LVB |
| -- | OCLCQ |
| -- | OCLCF |
| -- | OCLCO |
| -- | OCLCQ |
| -- | OCLCO |
| -- | OCL |
| -- | OCLCQ |
| 041 0# - LANGUAGE CODE | |
| Language code of text/sound track or separate title | eng |
| -- | eng |
| 042 ## - AUTHENTICATION CODE | |
| Authentication code | pcc |
| -- | pcc |
| 050 00 - LIBRARY OF CONGRESS CALL NUMBER | |
| Classification number | CLASSED SEPARATELY |
| 050 14 - LIBRARY OF CONGRESS CALL NUMBER | |
| Classification number | B23 |
| Item number | .N46 |
| 210 0# - ABBREVIATED TITLE | |
| Abbreviated title | Neue Hefte Philos. |
| 222 #0 - KEY TITLE | |
| Key title | Neue Hefte für Philosophie |
| 245 00 - TITLE STATEMENT | |
| Title | Neue Hefte für Philosophie. |
| 260 ## - PUBLICATION, DISTRIBUTION, ETC. | |
| Place of publication, distribution, etc. | Göttingen : |
| Name of publisher, distributor, etc. | Vandenhoeck & Ruprecht, |
| Date of publication, distribution, etc. | ©1971-©1995. |
| 300 ## - PHYSICAL DESCRIPTION | |
| Extent | volumes ; |
| Dimensions | 24 cm |
| 310 ## - CURRENT PUBLICATION FREQUENCY | |
| Current publication frequency | Irregular |
| 336 ## - CONTENT TYPE | |
| Content type term | text |
| Content type code | txt |
| Source | rdacontent |
| 337 ## - MEDIA TYPE | |
| Media type term | unmediated |
| Media type code | n |
| Source | rdamedia |
| 338 ## - CARRIER TYPE | |
| Carrier type term | volume |
| Carrier type code | nc |
| Source | rdacarrier |
| 362 0# - DATES OF PUBLICATION AND/OR SEQUENTIAL DESIGNATION | |
| Dates of publication and/or sequential designation | Heft 1-35. |
| 500 ## - GENERAL NOTE | |
| General note | Title from cover. |
| 546 ## - LANGUAGE NOTE | |
| Language note | Chiefly German; some English. |
| 650 #0 - SUBJECT ADDED ENTRY--TOPICAL TERM | |
| Topical term or geographic name entry element | Philosophy. |
| 650 #0 - SUBJECT ADDED ENTRY--TOPICAL TERM | |
| Topical term or geographic name entry element | Philosophy |
| Form subdivision | Periodicals. |
| 650 #2 - SUBJECT ADDED ENTRY--TOPICAL TERM | |
| Topical term or geographic name entry element | Philosophy |
| 650 #6 - SUBJECT ADDED ENTRY--TOPICAL TERM | |
| Topical term or geographic name entry element | Philosophie |
| Form subdivision | Périodiques. |
| 650 #6 - SUBJECT ADDED ENTRY--TOPICAL TERM | |
| Topical term or geographic name entry element | Philosophie. |
| 650 #7 - SUBJECT ADDED ENTRY--TOPICAL TERM | |
| Topical term or geographic name entry element | philosophy. |
| Source of heading or term | aat |
| 650 #7 - SUBJECT ADDED ENTRY--TOPICAL TERM | |
| Topical term or geographic name entry element | Philosophy. |
| Source of heading or term | fast |
| Authority record control number or standard number | (OCoLC)fst01060777 |
| 650 17 - SUBJECT ADDED ENTRY--TOPICAL TERM | |
| Topical term or geographic name entry element | Filosofie. |
| Source of heading or term | gtt |
| 655 #7 - INDEX TERM--GENRE/FORM | |
| Genre/form data or focus term | Periodicals. |
| Source of term | fast |
| Authority record control number or standard number | (OCoLC)fst01411641 |
| 776 08 - ADDITIONAL PHYSICAL FORM ENTRY | |
| Relationship information | Online version: |
| Title | Neue Hefte für Philosophie |
| Record control number | (OCoLC)567938122 |
| 776 08 - ADDITIONAL PHYSICAL FORM ENTRY | |
| Relationship information | Online version: |
| Title | Neue Hefte für Philosophie |
| Record control number | (OCoLC)607881547 |
| 906 ## - LOCAL DATA ELEMENT F, LDF (RLIN) | |
| a | 7 |
| b | cbc |
| c | serials |
| d | u |
| e | ncip |
| f | 19 |
| g | n-oclcserc |
| Withdrawn status | Lost status | Damaged status | Not for loan | Home library | Current library | Shelving location | Date acquired | Total checkouts | Full call number | Barcode | Date last seen | Price effective from | Koha item type |
|---|---|---|---|---|---|---|---|---|---|---|---|---|---|
| Franklin | Franklin | General stacks | 22/03/2026 | CLASSED SEPARATELY | LOC-FRL-00030 | 22/03/2026 | 22/03/2026 | Books |